[Event "XLIII Sevilla Open 2018"]
[Site "Sevilla"]
[Date "2018.01.12"]
[Round "1"]
[White "Suarez Fernandez, Enrique Oliver"]
[Black "Lei, Tingjie"]
[Result "0-1"]
[WhiteElo "1801"]
[BlackElo "2531"]
[Annotator "TA"]
[PlyCount "41"]
[EventDate "2018.??.??"]
[EventType "swiss"]
[EventCountry "ESP"]
[SourceTitle "playchess.com"]
[Source "ChessBase"]
[SourceQuality "1"]

{[%evp 9,41,-44,-41,-30,-27,-38,-34,-36,-26,-46,-41,-64,-61,-75,-49,-145,-147,-364,-378,-337,-327,-398,-380,-589,-558,-812,-819,-1104,-1104,-1093,-1088,-1062,-1042,-1029]} 1. e3 c5 2. b3 Nc6 3. Bb2 e5 {[%cal Be7e5,Be5e4][%mdl 32]} 4. Nf3 d6 5. d4 cxd4 6. exd4 {A04: Unusual lines after 1 Nf3 and King's Indian Attack} e4 $1 {[%cal Re4f3]} 7. Nfd2 d5 (7... f5 8. d5 Ne5 9. Nxe4 fxe4 10. Bxe5 dxe5 11. Qh5+ g6 12. Qxe5+ Kf7 13. Qxh8 Bg7 14. Qxh7 Qg5 {0-1 (14) Li,C (2732)-Wang,Y (2690) Riadh 2017}) 8. c4 {Black is slightly better.} Nf6 $1 9. cxd5 Qxd5 10. Nc3 Qxd4 11. Na4 Qd5 {aiming for ...e3!} 12. Be2 $146 (12. Bc4 $15 Qg5 13. Bxf6 Qxf6 14. O-O) ({Predecessor:} 12. Bc4 Qg5 13. Bxf6 Qxf6 {1-0 (56) Nikolaevsky,Y-Popov,L Odessa 1968}) 12... Qg5 $40 {[%mdl 128] Black goes for the king.} 13. Bxf6 $2 {[#]} (13. Kf1 $17) 13... Qxg2 $19 ({Not} 13... Qxf6 14. O-O $17) 14. Rf1 gxf6 15. Qc2 Bf5 16. Nc5 (16. Bb5 {was necessary.} Rc8 17. Qc3) 16... O-O-O {Black is clearly winning.} 17. Rc1 Bh6 18. f4 Nd4 {[%csl Gd4][%cal Rg2e2] [#]} 19. Qc4 b5 ({Inferior is} 19... Nxe2 20. Na6+ Kd7 21. Qxf7+ Kd6 22. Nc4+ Kc6 23. Na5+ Kb6 24. Qxb7+ Kxa5 25. Rc5#) 20. Qxd4 Rxd4 21. Ne6+ {Precision: White = 23%, Black = 100%.} 0-1

[Event "XLIII Sevilla Open 2018"]
[Site "Sevilla"]
[Date "2018.01.12"]
[Round "1"]
[White "Clemente Chen, Alfredo"]
[Black "Aroshidze, Levan"]
[Result "0-1"]
[WhiteElo "1797"]
[BlackElo "2516"]
[Annotator "TA"]
[PlyCount "66"]
[EventDate "2018.??.??"]
[EventType "swiss"]
[EventCountry "ESP"]
[SourceTitle "playchess.com"]
[Source "ChessBase"]
[SourceQuality "1"]

{[%evp 16,66,23,-6,19,-14,-8,-17,23,3,11,-14,0,0,0,0,0,-16,0,0,0,-22,-35,-33,-37,-33,-34,-35,-25,-44,-36,-72,-32,-78,-77,-82,-86,-99,-82,-97,-97,-147,-75,-443,-216,-322,-312,-451,-446,-1087,-1068,-1047,-1034]} 1. e4 c5 2. Nf3 e6 3. c3 Nf6 4. e5 Nd5 5. d4 cxd4 6. cxd4 d6 7. Bc4 {[%cal Bf1c4,Bc4b3,Bb3c2,Bc2e4][%mdl 32]} Be7 8. O-O {B22: Sicilian: 2 c3} O-O 9. Bd2 {LiveBook: 46 Games} (9. Qe2 Nc6 10. Rd1 Na5 11. Bxd5 exd5 12. Nc3 Be6 13. Bf4 a6 14. h3 Re8 15. exd6 Bxd6 16. Bxd6 Qxd6 17. Qe5 Nc4 18. Qxd6 Nxd6 {½-½ (32) Nisipeanu,L (2672)-Grischuk,A (2785) Heraklio 2017}) 9... Nd7 {[%cal Bb8d7,Bd7b6,Bb6d5][%mdl 32]} 10. Nc3 {The position is equal.} Nxc3 11. Bxc3 Nb6 12. Bb3 a5 $146 {[%cal Ba7a5,Ba5a4][%mdl 32]} ({Predecessor:} 12... Bd7 13. d5 exd5 14. exd6 Bf6 15. Bxd5 Bxc3 16. bxc3 {½-½ (46) Bala,K (2070)-Padmini,R (2374) Delhi 2016}) 13. Qe2 a4 14. Bc2 Nd5 15. Bd2 Bd7 16. Be4 Bc6 17. Rac1 Qb6 18. Rc2 (18. Ng5 $5 {[%cal Re4h7]} Bxg5 19. Bxg5 $11) 18... Bb5 $36 {[%mdl 2048] Black is more active.} 19. Bd3 Bxd3 20. Qxd3 Rfc8 21. Rfc1 Rxc2 22. Qxc2 h6 23. g4 Qb5 24. Re1 dxe5 25. dxe5 Bb4 26. h4 Bxd2 27. Nxd2 Nb4 28. Qe4 Rc8 ({Resist} 28... Nxa2 29. Nc4 $17) (28... Nd3 $142 29. Re3 Nxb2) 29. Re3 $2 {[%mdl 8192] [#]} (29. g5 $17 {is more resistant.}) 29... Rc1+ (29... Nd5 $142 30. Rd3 Rc1+ 31. Kh2 Qxb2) 30. Kh2 (30. Kg2 $142) 30... Nd5 ({Weaker is} 30... Nxa2 31. Rd3 $17) 31. Rd3 (31. Ra3 $142 Qc5 32. Kg2) 31... Qxb2 $19 {Black is clearly winning.} 32. Qxa4 (32. g5 $142) 32... Qxe5+ 33. Rg3 Qe1 {Precision: White = 19%, Black = 54%.} 0-1

[Event "XLIII Sevilla Open 2018"]
[Site "Sevilla"]
[Date "2018.01.12"]
[Round "1"]
[White "Pozo Prior, Jose Antonio"]
[Black "Xu, Yi"]
[Result "0-1"]
[WhiteElo "1791"]
[BlackElo "2482"]
[Annotator "TA"]
[PlyCount "76"]
[EventDate "2018.??.??"]
[EventType "swiss"]
[EventCountry "ESP"]
[SourceTitle "playchess.com"]
[Source "ChessBase"]
[SourceQuality "1"]

{[%evp 16,76,-37,-46,-43,-40,-25,-25,-25,-29,-28,-28,-28,-22,-23,-24,-24,-25,-24,-27,-14,-36,-22,-55,-56,-53,-51,-54,-45,-53,-40,-59,-48,-64,-52,-117,-90,-229,-219,-206,-129,-205,-172,-817,-761,-1062,-815,-3271,-2785,-5422,-5300,-29980,-29981,-29981,-29982,-29982,-29983,-29980,-29980,-29984,-29985,-29986,-29987]} 1. e4 e5 2. Nf3 Nc6 3. Bb5 a6 4. Bxc6 dxc6 5. Nxe5 Qd4 6. Nf3 Qxe4+ 7. Qe2 Qxe2+ 8. Kxe2 Bf5 9. d3 O-O-O {C68: Ruy Lopez: Exchange Variation, sidelines} 10. Re1 (10. Be3 Ne7 11. Nc3 Nd5 12. Ne5 Be6 13. Kd2 f6 14. Nf3 Bf7 15. h4 c5 16. b3 Nxc3 17. Kxc3 {0-1 (86) Rihtaric,I (2195)-Juhasz,J (2219) ICCF email 2011}) 10... Nf6 11. Kf1 Nd5 $146 {Black has an edge.} ({Find the theoretical novelty and annotate with similar games:} 11... Bc5 12. Nc3 h6 13. Bf4 g5 14. Be5 Be7 15. Bd4 Rhe8 16. Rxe7 Nd5 17. Rxe8 Rxe8 18. Nxd5 cxd5 {½-½ (76) Ekholm,R (1285)-Claushuis,M (1446) Rijswijk 2005}) 12. a3 Be7 13. Nc3 {aiming for Nxd5.} Rhe8 14. Bd2 Bf6 15. Rxe8 Rxe8 16. Re1 Rxe1+ 17. Kxe1 Kd7 18. Nxd5 (18. Na4 {NOTEXT} b6 19. Ke2 c5 20. c4 Ne7 21. Bc3) 18... cxd5 19. Bc3 Bxc3+ 20. bxc3 $15 {[%mdl 4096] Endgame KB-KN} f6 21. h4 c5 22. Kd2 b6 23. Kc1 Ke6 24. Kb2 Bg6 25. Kb3 ({White should play} 25. d4 $15) 25... Kf5 $17 26. c4 {[#]} (26. Nh2 $17 {was necessary.}) 26... dxc4+ $1 $19 27. Kxc4 {[#]} Bf7+ $1 28. Kc3 Bd5 {Hoping for ...Bxf3.} 29. Kd2 $2 (29. Ne1) 29... Bxf3 30. gxf3 {KP-KP} Kf4 31. Ke2 h5 {[%cal Bh7h5,Bh5h4,Bh4h3][%mdl 32]} 32. c3 g5 33. hxg5 fxg5 {Black mates.} 34. d4 cxd4 35. cxd4 h4 36. d5 Ke5 37. f4+ gxf4 38. Kf3 h3 {Precision: White = 27%, Black = 75%.} 0-1

[Event "XLIII Sevilla Open 2018"]
[Site "Sevilla"]
[Date "2018.01.13"]
[Round "2"]
[White "Vasquez Schroeder, Rodrigo"]
[Black "Arroyo Rodriguez, Jesus"]
[Result "1-0"]
[WhiteElo "2554"]
[BlackElo "2057"]
[Annotator "TA"]
[PlyCount "74"]
[EventDate "2018.??.??"]
[EventType "swiss"]
[EventCountry "ESP"]
[SourceTitle "playchess.com"]
[Source "ChessBase"]
[SourceQuality "1"]

{[%evp 17,74,0,0,-26,4,40,37,0,16,-8,26,-37,-47,-54,-57,-80,-65,-78,-52,-80,-40,-31,-27,-144,-165,-310,-183,-208,-114,-133,-93,-88,-111,-133,-91,-193,-64,-62,0,0,0,0,0,0,12,13,148,-222,-198,-327,-270,-450,1835,1826,1612,570,1593,1479,29993]} 1. e4 c5 2. Nf3 Nf6 3. Nc3 d5 4. exd5 Nxd5 5. Bb5+ Bd7 6. Ne5 Bxb5 {B29: Sizilianisch (Rubinstein-Variante)} 7. Qf3 f6 8. Nxb5 Na6 9. Nc4 Qd7 {LiveBook: 4 Partien} 10. O-O O-O-O $146 ({Vorgänger:} 10... Nab4 11. a4 e6 12. c3 Nc6 13. Re1 Be7 14. Qh5+ {1-0 (34) Luther,T (2538)-Graf,A (2635) Saarbruecken 2002}) 11. a4 Kb8 $1 12. d3 g5 13. Bd2 h5 {[%cal Bh7h5,Bh5h4][%mdl 32]} 14. Rfe1 (14. Qe4 $11) 14... Nab4 $15 15. Bxb4 cxb4 16. Nd4 {Schwarz sollte Se6 verhindern.} e5 17. Nb3 g4 18. Qe4 h4 19. d4 Qc7 20. Ncd2 {[#]} (20. dxe5 $11 f5 21. Qd4) 20... g3 $1 $17 {[%mdl 512]} 21. dxe5 (21. fxg3 $142 hxg3 22. h4) 21... gxf2+ (21... Bc5 $142 22. Nxc5 gxf2+ 23. Kxf2 Qxc5+ 24. Kf1 h3) 22. Kxf2 $19 fxe5 (22... Bc5+ $19 23. Kf1 h3 24. Nxc5 hxg2+ 25. Kxg2 Qxc5) 23. Kg1 $17 ({Vergiftet wäre} 23. Qxe5 $2 Bd6 $19) 23... Rg8 24. Kh1 Nf4 25. Rg1 Rg4 26. Qf3 (26. Raf1 $17 {ist wohl besser.}) 26... Qg7 ({Lieber} 26... Rg6 $19 27. Qe4 Rc6) 27. Ne4 $15 Be7 ({Besser ist} 27... a6 $15) 28. Rad1 $11 Rxd1 29. Rxd1 Rxg2 30. Nec5 $1 Bxc5 (30... Bd6 $5) 31. Nxc5 $40 {[%mdl 128] Und weiter mit Td8+ wäre nett. Weiss startet einen Angriff.} Kc8 {[#]} (31... a5 $11 {hält das Gleichgewicht.} 32. Ne6 Rxh2+ $1 {[%mdl 512]} 33. Kxh2 Nxe6) 32. Nxb7 $2 {[%mdl 8192]} (32. Ne6 $1 $16 {[%csl Ge6][%cal Rd1d8][%mdl 512]} Rxh2+ (32... Nxe6 33. Qxg2) 33. Kxh2 Nxe6 34. Qf5) 32... Rxc2 $19 ({Nicht} 32... Qxb7 33. Rd8+ $1 {[%mdl 512]} Kxd8 34. Qxb7 $11) 33. Nd6+ (33. Rg1 $142 Qd7 34. Na5) 33... Kb8 34. Rg1 $2 (34. b3 h3 35. Qg3 Qxg3 36. hxg3) 34... Qh7 $4 {[%mdl 8192] [#]} (34... Qd7 $19 35. Qa8+ Kxa8 36. Rg8+ {[#]} Rc8 $1 {[%mdl 512]} 37. Rxc8+ Qxc8 $1 {[%mdl 512]} 38. Nxc8 Kb7 39. Nd6+ Kc6) 35. Rg8+ $1 $18 {[%mdl 512] Weiß steht klar auf Gewinn.} Kc7 (35... Qxg8 36. Qb7#) 36. Qb7+ Kxd6 37. Qxh7 {Weiss will mit Td8+ Matt setzen.} Kd5 {Precision: Weiß = 40%, Schwarz = 47%.} 1-0

[Event "XLIII Sevilla Open 2018"]
[Site "Sevilla"]
[Date "2018.01.13"]
[Round "2"]
[White "Santos Latasa, Jaime"]
[Black "Dumont, Andre"]
[Result "1-0"]
[WhiteElo "2546"]
[BlackElo "2057"]
[Annotator "TA"]
[PlyCount "49"]
[EventDate "2018.??.??"]
[EventType "swiss"]
[EventCountry "ESP"]
[SourceTitle "playchess.com"]
[Source "ChessBase"]
[SourceQuality "1"]

{[%evp 12,49,36,5,56,61,54,68,63,64,57,62,85,36,56,60,54,50,41,29,58,62,118,125,135,122,167,89,110,116,97,91,452,454,791,745,784,785,784,787]} 1. Nf3 b6 2. g3 c5 3. Bg2 Bb7 4. O-O Nf6 5. d3 e6 6. e4 {[%cal Be2e4,Be4e5][%mdl 32]} d6 7. Nh4 {LiveBook: 20 Games} Be7 {A05: Réti Opening: 1 Nf3 Nf6} ({Black should play} 7... Nc6 $11) 8. e5 $14 Bxg2 9. exf6 Bxf1 {White is slightly better.} 10. fxe7 Qxe7 {[#] Threatens to win with ...Bh3.} 11. Qxf1 g5 $146 ({Predecessor:} 11... Nc6 12. Qg2 d5 13. Na3 O-O 14. Bd2 b5 15. Nxb5 {½-½ (43) Maes,W (2245)-Hovhannisyan,M (2479) Brasschaat 2011}) 12. Qg2 d5 13. Nf3 $36 {[%mdl 2048] White fights for an advantage.} f6 14. c4 Nc6 15. Nc3 O-O-O 16. cxd5 Nb4 (16... exd5 $14 17. Bd2 Qd7) 17. dxe6 $16 Kb8 18. Qh3 Rxd3 19. Qf5 (19. a3 $18 Nc2 20. Qf5 Nxa1 21. Qxd3) 19... Rd6 20. Nxg5 fxg5 21. Qe5 Kb7 $2 {[%mdl 8192]} (21... Re8 $16 {is more resistant.}) 22. Qxh8 $18 {White is clearly winning.} Nd3 {[#]} (22... Rxe6 $142 23. Be3 h6) 23. Bxg5 $1 Qxe6 (23... Qxg5 24. Qxh7+) 24. Qxh7+ Rd7 25. Qe4+ {Precision: White = 80%, Black = 50%.} 1-0

[Event "XLIII Sevilla Open 2018"]
[Site "Sevilla"]
[Date "2018.01.13"]
[Round "2"]
[White "Dvirnyy, Danyyil"]
[Black "Rodriguez Del Cerro, Ricardo"]
[Result "1-0"]
[WhiteElo "2534"]
[BlackElo "2053"]
[Annotator "TA"]
[PlyCount "79"]
[EventDate "2018.??.??"]
[EventType "swiss"]
[EventCountry "ESP"]
[SourceTitle "playchess.com"]
[Source "ChessBase"]
[SourceQuality "1"]

{[%evp 25,79,0,2,0,19,5,0,-14,-10,-15,-20,-3,24,24,23,18,9,10,36,23,43,8,16,0,27,0,0,0,0,0,0,0,0,-169,-17,-20,79,20,91,-24,51,-8,-10,-35,0,0,102,112,85,85,84,100,491,489,475,437]} 1. d4 Nf6 2. c4 e6 3. Nf3 b6 4. g3 Bb7 5. Bg2 Be7 6. Nc3 Ne4 7. Bd2 O-O 8. O-O Bf6 9. Be1 {E18: Queen's Indian: Old Main Line (4 g3 Bb7 5 Bg2 Be7 6 0-0 0-0 7 Nc3)} Nxc3 10. Bxc3 Be4 11. Ne5 Bxg2 12. Kxg2 c5 13. dxc5 bxc5 {LiveBook: 23 Games} 14. Qd6 a5 15. Rad1 Be7 $1 {[%cal Re7d6] [#]} 16. Qd2 $146 {[%cal Re5d7]} ({Predecessor:} 16. Qd3 d6 17. Qf3 Ra6 {0-1 (42) L'Ami,E (2618)-Kryvoruchko,Y (2710) Germany 2015}) 16... d6 17. Ng4 {[%cal Be5g4,Bg4e3,Be3g2,Bg2f4][%mdl 32]} f5 18. Ne3 $1 Qc7 19. Kg1 {Black must now prevent Nd5!} Nc6 20. Ng2 Ra6 21. Nf4 Nd8 22. Rfe1 Qb7 23. f3 Bg5 24. Qd3 Qf7 25. Ng2 e5 26. f4 $36 {[%mdl 2048] White fights for an advantage.} exf4 27. Nxf4 Bxf4 28. gxf4 Re8 29. Qg3 $2 {[#]} (29. e4 $11 {and White has nothing to worry.} fxe4 30. Qg3) 29... Re6 $2 (29... d5 $1 $19 {[%mdl 512]} 30. Qxg7+ (30. cxd5 Rg6) 30... Qxg7+ 31. Bxg7 Kxg7 32. Rxd5 Kf6) 30. Kh1 Qb7+ (30... Re4 $11) 31. Rd5 $1 $16 {[%cal Bd1d5,Bd5f5,Bf5f7,Bf7d7][%mdl 32]} Re4 {[#]} (31... Nc6 $1 $11 {remains equal.}) 32. Qf3 (32. Bxg7 $1 $16 {[%mdl 512]} Qxg7 33. Qh4) 32... Qf7 {[#]} (32... g6 $11) 33. Rg1 ({White should try} 33. Be5 $1 $14 {[%mdl 512]}) 33... Ne6 $11 34. e3 (34. Qh3 $5 {[%cal Rd5f5]}) 34... Rb6 35. Qh3 g6 {[#]} (35... Rxc4 $11 {keeps the balance.} 36. Rgd1 a4) 36. Rxf5 $1 $16 Rxe3 37. Rxf7 {[%csl Gf7][%cal Rh3h7]} Rxh3 38. Rd7 {Hoping for Re1.} Rf3 $2 {[%mdl 8192]} (38... Nd4 $16 {is a better chance.}) 39. Re1 $18 Nf8 40. Re8 {Precision: White = 50%, Black = 30%.} 1-0

[Event "XLIII Sevilla Open 2018"]
[Site "Sevilla"]
[Date "2018.01.13"]
[Round "2"]
[White "Lei, Tingjie"]
[Black "Vinal Gutierrez, Pedro"]
[Result "1/2-1/2"]
[WhiteElo "2531"]
[BlackElo "2036"]
[Annotator "TA"]
[PlyCount "44"]
[EventDate "2018.??.??"]
[EventType "swiss"]
[EventCountry "ESP"]
[SourceTitle "playchess.com"]
[Source "ChessBase"]
[SourceQuality "1"]

{[%evp 16,44,28,8,50,47,50,40,46,42,51,48,65,47,44,20,47,51,51,39,58,-26,-39,-118,-125,-149,-141,-138,-140,-124,-102]} 1. e4 e6 2. d4 d5 3. Nc3 Nf6 4. Bg5 Be7 5. e5 Nfd7 6. h4 h6 7. Bxe7 Qxe7 8. Qd2 {C14: French: Classical System: 4 Bg5 Be7 main line} (8. f4 a6 9. Nf3 c5 10. dxc5 Nc6 11. a3 O-O 12. Qd2 f6 13. exf6 Qxf6 14. g3 Nxc5 15. O-O-O d4 16. Nxd4 Rd8 17. Nce2 e5 18. fxe5 Nxe5 19. Qf4 Qxf4+ 20. gxf4 Ng4 {½-½ (20) Istratescu,A (2602)-Baklan,V (2621) Calimanesti Caciulata 2016}) 8... a6 9. f4 {LiveBook: 8 Games} b6 10. Nf3 {White is slightly better.} Bb7 $146 ({Predecessor:} 10... c5 11. Nd1 cxd4 12. Nxd4 f6 13. exf6 Nxf6 14. Nc3 b5 15. Bd3 O-O 16. O-O-O b4 17. Na4 Qd6 18. f5 e5 {½-½ (18) Souleidis,G (2410)-Kuijf,M (2412) Germany 2011}) 11. h5 Nc6 12. O-O-O O-O-O 13. Kb1 Kb8 14. g4 Na5 15. f5 Nc4 16. Bxc4 dxc4 17. Qf4 b5 18. d5 ({White should play} 18. a3 $14) 18... exd5 $1 $11 {And now ...d4! would win.} 19. Nxd5 (19. Rhe1 $15) 19... Qc5 $17 20. e6 fxe6 21. fxe6 Bxd5 22. exd7 Rxd7 {Precision: White = 34%, Black = 63%.} 1/2-1/2

[Event "XLIII Sevilla Open 2018"]
[Site "Sevilla"]
[Date "2018.01.13"]
[Round "2"]
[White "Aroshidze, Levan"]
[Black "Ramirez Guerrero, Enrique"]
[Result "1-0"]
[WhiteElo "2516"]
[BlackElo "2021"]
[Annotator "TA"]
[PlyCount "89"]
[EventDate "2018.??.??"]
[EventType "swiss"]
[EventCountry "ESP"]
[SourceTitle "playchess.com"]
[Source "ChessBase"]
[SourceQuality "1"]

{[%evp 21,89,45,45,41,43,32,32,30,49,35,43,21,31,8,10,0,20,0,0,-20,-25,-27,-8,-28,-2,-11,0,-14,-12,-58,8,-40,-35,-40,-53,-53,-46,-129,-28,-494,-18,-16,-9,-10,-12,-16,-16,-27,25,20,18,17,29,36,97,80,553,558,499,510,29976,29977,29983,29984,29984,29985,29985,29986,29985,635]} 1. e4 e6 2. d4 d5 3. Nc3 dxe4 4. Nxe4 Bd7 5. Nf3 Bc6 6. Bd3 Nd7 7. O-O Ngf6 8. Ng3 g6 {C10: French with 3 Nc3: Unusual Black 3rd moves and 3...dxe4} 9. b3 (9. Qe2 Bg7 10. Ne5 Nxe5 11. dxe5 Nd7 12. f4 O-O 13. Be4 Bxe4 14. Nxe4 Qe7 15. Be3 Rfd8 16. Rad1 {½-½ (64) So,W (2815)-Carlsen,M (2832) chess.com INT 2017}) 9... Bg7 10. Ba3 Bf8 11. Bb2 Bg7 {LiveBook: 27 Games} 12. Re1 O-O 13. c4 b6 $146 ({Predecessor:} 13... a5 14. a3 b6 15. Qe2 Bb7 16. Rad1 {1-0 (30) Cheparinov,I (2700)-Tratar,M (2498) Legnica 2013}) 14. Qe2 a5 15. Rad1 Re8 16. a3 Bb7 17. Ne5 Qe7 18. Bb1 Rad8 19. h3 c5 20. Nxd7 Qxd7 21. Nf1 cxd4 $40 {[%mdl 128] Black has some attack.} 22. Bxd4 Qc6 {[%csl Gb7][%cal Rc6g2]} 23. Ne3 Nh5 24. Bxg7 Kxg7 25. b4 axb4 (25... Nf4 $15 26. Qg4 Qc7) 26. axb4 Nf4 27. Qg4 Qc7 28. Bc2 h5 29. Qh4 (29. Qg3 $15) 29... f6 (29... Rxd1 $17 30. Bxd1 Rd8) 30. f3 $2 {[%mdl 8192] [#]} (30. Qg3 $1 $11) 30... g5 $2 (30... Bxf3 $1 $19 {[%mdl 512]} 31. Rxd8 (31. gxf3 $2 g5 $19) 31... Rxd8) 31. Qf2 $1 $11 Rxd1 32. Rxd1 Rd8 33. h4 Rxd1+ 34. Bxd1 Nd3 (34... gxh4 $142 35. Qxh4 Qd6) 35. Qd2 Ne5 36. hxg5 fxg5 37. Qd4 Kf7 (37... Kg8 $14) 38. f4 $16 Nc6 $2 {[%mdl 8192]} (38... gxf4 $16 {is a better chance.} 39. Qxf4+ Ke7 40. Qg5+ Kd7) 39. Bxh5+ $18 Kg8 40. Qf6 Qxf4 (40... Qe7 $18 41. Qg6+ (41. fxg5 Qxf6 42. gxf6 Nxb4 $16) (41. Qxg5+ Qxg5 42. fxg5 Nxb4 $16) 41... Kh8) 41. Qxe6+ {White mates.} Kf8 42. Nf5 {[%csl Gh5][%cal Re6f7]} Qc1+ 43. Kh2 {[%csl Gh5][%cal Re6f7]} Qf4+ 44. Kh3 {[%csl Gh5][%cal Re6f7]} g4+ 45. Bxg4 {Precision: White = 36%, Black = 37%.} (45. Kh4 $142 Qf2+ 46. Kg5 Qxf5+ 47. Qxf5+ Ke7 48. Bxg4 Bc8 49. Qxc8 Ne5 50. Qe6+ Kf8 51. Kf6 Nd7+ 52. Qxd7 Kg8 53. Qg7#) 1-0

[Event "XLIII Sevilla Open 2018"]
[Site "Sevilla"]
[Date "2018.01.13"]
[Round "2"]
[White "Pap, Misa"]
[Black "Maza Lopez De Los M, Santiago"]
[Result "1-0"]
[WhiteElo "2491"]
[BlackElo "2016"]
[Annotator "TA"]
[PlyCount "55"]
[EventDate "2018.??.??"]
[EventType "swiss"]
[EventCountry "ESP"]
[SourceTitle "playchess.com"]
[Source "ChessBase"]
[SourceQuality "1"]

{[%evp 23,54,17,29,19,16,20,16,8,24,24,21,16,27,37,44,34,241,238,841,829,2380,2204,29992,29993,29993,29994,29994,29995,29996,29997,29998,29999,29999]} 1. e4 c6 2. d4 d5 3. Nd2 dxe4 4. Nxe4 Nf6 5. Nxf6+ exf6 6. c3 Bd6 7. Bd3 O-O 8. Qc2 Re8+ 9. Ne2 h6 10. O-O Nd7 {B15: Caro-Kann: 3 Nc3: 3...g6 and 3...dxe4 4 Nxe4 Nf6 5 Nxf6+ exf6} (10... Qc7 11. h3 Nd7 12. c4 c5 13. Be3 a6 14. Rac1 cxd4 15. Nxd4 Nc5 16. Bf5 Bh2+ 17. Kh1 Bf4 18. Bxf4 Qxf4 {½-½ (64) Idani,P (2578)-Sokolov,I (2626) Bandar e Anzali 2017}) 11. Ng3 Nf8 12. Bd2 Qc7 {LiveBook: 5 Games. The position is equal.} 13. Rfe1 {[%cal Bf1e1,Be1e3,Be3g3,Bg3g5][%mdl 32]} Bd7 14. c4 Ne6 15. Bc3 $146 ({Predecessor:} 15. Be3 c5 16. d5 Nf4 17. Bf5 b6 18. Rad1 Bxf5 19. Nxf5 {1-0 (43) Mithrakanth,P (2375)-Chandra Sekhar,T (2200) Kolkata 1999}) 15... a5 16. c5 Bf8 17. Nh5 b6 18. Re3 $36 {[%mdl 2048] Black must now prevent Rg3. White has some pressure.} bxc5 19. dxc5 {Hoping for Rg3.} Kh8 $2 (19... Nf4 $1 $14 20. Nxf4 Qxf4) 20. Rg3 {Nxf6 is the strong threat.} Qa7 $2 {[#]} (20... Nxc5 21. Nxf6 Re6) 21. Nxf6 $1 $18 {[%mdl 512]} Bxc5 (21... gxf6 22. Bxf6+) 22. Bc4 {[%csl Gf6][%cal Rc2h7]} Ng5 23. Rxg5 {[%csl Gf6][%cal Rc2h7] White mates.} Bxf2+ 24. Kh1 {[%csl Gf6][%cal Rc2h7]} g6 25. Rxg6 fxg6 26. Qxg6 {[%cal Rg6h6]} Bf5 27. Nxe8+ Bd4 28. Qg8# {Precision: White = 66%, Black = 11%.} 1-0

[Event "XLIII Sevilla Open 2018"]
[Site "Sevilla"]
[Date "2018.01.13"]
[Round "2"]
[White "Xu, Yi"]
[Black "Ferrer Freyre, David"]
[Result "1-0"]
[WhiteElo "2482"]
[BlackElo "2012"]
[Annotator "TA"]
[PlyCount "52"]
[EventDate "2018.??.??"]
[EventType "swiss"]
[EventCountry "ESP"]
[SourceTitle "playchess.com"]
[Source "ChessBase"]
[SourceQuality "1"]

{[%evp 21,52,64,73,39,55,45,56,49,65,46,110,68,97,106,93,79,117,87,137,136,131,93,250,250,304,293,450,420,691,685,668,664,1177]} 1. e4 c5 2. Nf3 e6 3. d4 cxd4 4. Nxd4 a6 5. c4 Qc7 6. Nc3 Nf6 7. a3 Nc6 8. Be3 d6 {B41: Sicilian: Kan Variation: 5 c4} (8... Ne5 9. f3 Be7 10. Rc1 O-O 11. Be2 Ng6 12. Qd2 b6 13. b4 Bb7 14. Na4 Rfb8 15. c5 bxc5 16. Nxc5 Qd8 {½-½ (54) Dominguez Perez,L (2734)-Svidler,P (2747) St Petersburg 2012}) 9. Be2 Be7 10. Rc1 O-O 11. O-O Bd7 {LiveBook: 11 Games} 12. f3 Nxd4 13. Qxd4 Rac8 14. b4 Qb8 15. Qd3 e5 $146 (15... Bc6 $14) ({Predecessor:} 15... Rfe8 16. Rfd1 a5 17. Rb1 axb4 18. axb4 Qc7 {½-½ (33) Andria,L (1696)-Priyanka,K (2018) New Delhi 2010}) 16. Kh1 Be6 17. Nd5 Bxd5 18. exd5 {[%cal Be4d5,Bd5d6][%mdl 32]} Nd7 19. f4 Bf6 20. Bg4 Rcd8 21. c5 {[#] c6 is the strong threat.} dxc5 $2 (21... exf4 $16 {is a better defense.} 22. Bxf4 (22. Rxf4 Ne5 $11) 22... Ne5) 22. bxc5 $18 Qc7 23. d6 Qa5 (23... Qb8 $142 24. Bf5 g6) 24. Bxd7 {Hoping for Bd2.} Rxd7 (24... e4 $142 25. Qxe4 Rxd7) 25. fxe5 Bxe5 26. Qf5 $1 {[%csl LRd7,LRe5]} Bf6 {Precision: White = 62%, Black = 19%.} 1-0